Baskini anekdootidega läbi elu

Titel: Baskini anekdootidega läbi elu / Eino Baskin
Verfasser:
Veröffentlicht: [Tallinn] : Sinisukk, [2025]
Umfang: 240 Seiten : Illustration
Format: Buch
Sprache: Estnisch
Schlagworte:
ISBN: 9789949087242
Buchumschlag
X
alg: 54075020
001A    $03004:17-12-25 
001B    $01999:24-03-26 $t12:03:50.000 
001D    $03004:14-01-26 
001U    $0utf8 
001X    $00 
002@    $0Aau 
002C    $aText $btxt $2rdacontent 
002D    $aohne Hilfsmittel zu benutzen $bn $2rdamedia 
002E    $aBand $bnc $2rdacarrier 
003@    $0540750204 
004A    $A978-9949-08-724-2 
007A    $0540750204 $aHEB 
007G    $0 
009P    $qapplication/pdf $A2 $3Cover $uhttp://scans.hebis.de/HEBCGI/show.pl?54075020_cov.pdf $mV:DE-603;B:DE-Mb50 
009P    $qapplication/pdf $A2 $3Inhaltsverzeichnis $uhttp://scans.hebis.de/HEBCGI/show.pl?54075020_toc.pdf $mV:DE-603;B:DE-Mb50 
010@    $aest 
010E    $erda 
011@    $a2025 $n[2025] 
013D    $RBelletristische Darstellung $RKarikatur $#Wit and humor $#Humour $#Humor $74160799-5 $8Humoristische Darstellung [Ts1] $9085703826 
021A    $aBaskini anekdootidega läbi elu $hEino Baskin 
028A    $BVerfasser $4aut $71102542652 $8Baskin, Eino$Z1929-2015 [Tp1] $9381111512 
033A    $p[Tallinn] $nSinisukk 
034D    $a240 Seiten 
034M    $aIllustration 
044K    $71102542652 $8Baskin, Eino$Z1929-2015 [Tp1] $9381111512 
044K    $RGouvernement Estland $REstnische Sozialistische Sowjetrepublik $#Estland $#Estland $#Estland $#Estland (vor 1940) $#Republik Estland $#Estnische Republik $#Eesti $#Eesti Vabariik $#EV $#Estonia $#Republic of Estonia $#Estonie $#Ėstonskaja Respublika $74015587-0 $8Estland [Tg1] $9085035777 
044K    $RKurzepik $#Anecdotes $#Anecdotes $#Aneddoti $#Anécdotas $#Anekdoten $74142399-9 $8Anekdote [Ts1] $9085554634 
045F    $a792.0947980904 $eDDC23BSB 
045F/01 $a792 
045F/03 $f0904 
045F/03 $f0905 
045F/03 $g4798 

lok: 54075020 24

exp: 54075020 24 1 #EPN
201B/01 $014-01-26 $t15:18:21.000 
201C/01 $017-12-25 
201U/01 $0utf8 
203@/01 $01329663195 
208@/01 $a14-01-26 $bz 
209A/01 $a25.07226 $du $f050 $h25 07226 $x00 
209C/01 $a25.07226 K $h25 07226 K 
209G/01 $a74854460 $x00 
220C/01 $akoe 
247C/01 $8358050-7 Marburg, Bibliothek des Herder-Instituts Marburg $9102600961
LEADER 00000cam a2200000 c 4500
001 540750204
003 DE-603
005 20260324120350.0
007 tu
008 251217s2025 xx |||| | u00||u|est c
020 |a 9789949087242 
035 |a (DE-599)HEB540750204 
040 |a DE-603  |b ger  |c DE-603  |d DE-603  |e rda 
041 |a est 
082 0 4 |8 1\u  |a 792.0947980904  |q DE-101  |2 23/BSB 
085 |8 1\u  |b 792 
085 |8 1\u  |z 1  |s 0904 
085 |8 1\u  |z 1  |s 0905 
085 |8 1\u  |z 2  |s 4798 
100 1 |a Baskin, Eino  |d 1929-2015  |e Verfasser  |4 aut  |0 (DE-603)381111512  |0 (DE-588)1102542652  |2 gnd 
245 0 0 |a Baskini anekdootidega läbi elu  |c Eino Baskin 
264 1 |a [Tallinn]  |b Sinisukk  |c [2025] 
300 |a 240 Seiten  |b Illustration 
336 |a Text  |b txt  |2 rdacontent 
337 |a ohne Hilfsmittel zu benutzen  |b n  |2 rdamedia 
338 |a Band  |b nc  |2 rdacarrier 
600 1 7 |a Baskin, Eino  |d 1929-2015  |0 (DE-588)1102542652  |0 (DE-603)381111512  |2 gnd 
650 7 |a Anekdote  |0 (DE-588)4142399-9  |0 (DE-603)085554634  |2 gnd 
651 7 |a Estland  |0 (DE-588)4015587-0  |0 (DE-603)085035777  |2 gnd 
655 7 |a Humoristische Darstellung  |2 gnd-content  |0 (DE-588)4160799-5  |0 (DE-603)085703826 
856 4 2 |m V:DE-603;B:DE-Mb50  |q application/pdf  |u http://scans.hebis.de/HEBCGI/show.pl?54075020_cov.pdf  |3 Cover 
856 4 2 |m V:DE-603;B:DE-Mb50  |q application/pdf  |u http://scans.hebis.de/HEBCGI/show.pl?54075020_toc.pdf  |3 Inhaltsverzeichnis 
924 0 |9 Mb 50  |a (DE-603)1329663195  |b DE-Mb50  |c HES  |d c  |g 25.07226